<?xml version="1.0" encoding="UTF-8"?>
<record
    xmlns:xsi="http://www.w3.org/2001/XMLSchema-instance"
    xsi:schemaLocation="http://www.loc.gov/MARC21/slim http://www.loc.gov/standards/marcxml/schema/MARC21slim.xsd"
    xmlns="http://www.loc.gov/MARC21/slim">

  <leader>01642nam0a2200373   4500</leader>
  <controlfield tag="001">RU\NLR\BIBL_A\012127541</controlfield>
  <controlfield tag="005">20191125155601.0</controlfield>
  <datafield tag="010" ind1=" " ind2=" ">
    <subfield code="a">978-5-699-98507-4</subfield>
    <subfield code="9">2000</subfield>
  </datafield>
  <datafield tag="021" ind1=" " ind2=" ">
    <subfield code="a">RU</subfield>
    <subfield code="b">&#x41A;&#x41D;-&#x41F;-19-073953</subfield>
    <subfield code="9">&#x41A;&#x41D;-&#x41F;-19-5338</subfield>
  </datafield>
  <datafield tag="035" ind1=" " ind2=" ">
    <subfield code="a">(NLR Aleph) 012127541</subfield>
  </datafield>
  <datafield tag="035" ind1=" " ind2=" ">
    <subfield code="a">(RuMoRGB)010109350</subfield>
  </datafield>
  <datafield tag="090" ind1=" " ind2=" ">
    <subfield code="a">12028152</subfield>
    <subfield code="c">12028152</subfield>
  </datafield>
  <datafield tag="100" ind1=" " ind2=" ">
    <subfield code="a">20191024d2019    u  y0rusy50      ca</subfield>
  </datafield>
  <datafield tag="101" ind1="1" ind2=" ">
    <subfield code="a">rus</subfield>
    <subfield code="c">eng</subfield>
  </datafield>
  <datafield tag="102" ind1=" " ind2=" ">
    <subfield code="a">RU</subfield>
  </datafield>
  <datafield tag="105" ind1=" " ind2=" ">
    <subfield code="a">a|||z|||000zy</subfield>
  </datafield>
  <datafield tag="200" ind1="1" ind2=" ">
    <subfield code="a">76 &#x43C;&#x43E;&#x434;&#x435;&#x43B;&#x435;&#x439; &#x43A;&#x43E;&#x443;&#x447;&#x438;&#x43D;&#x433;&#x430;</subfield>
    <subfield code="e">&#x43E;&#x43F;&#x44B;&#x442; McKinsey, &#x418;&#x446;&#x445;&#x430;&#x43A;&#x430; &#x410;&#x434;&#x438;&#x437;&#x435;&#x441;&#x430;, &#x42D;&#x440;&#x438;&#x43A;&#x430; &#x411;&#x435;&#x440;&#x43D;&#x430; &#x438; &#x434;&#x440;&#x443;&#x433;&#x438;&#x445; &#x432;&#x44B;&#x434;&#x430;&#x44E;&#x449;&#x438;&#x445;&#x441;&#x44F; &#x43B;&#x438;&#x434;&#x435;&#x440;&#x43E;&#x432; &#x434;&#x43B;&#x44F; &#x43F;&#x440;&#x435;&#x432;&#x43E;&#x441;&#x445;&#x43E;&#x434;&#x43D;&#x44B;&#x445; &#x440;&#x435;&#x437;&#x443;&#x43B;&#x44C;&#x442;&#x430;&#x442;&#x43E;&#x432;</subfield>
    <subfield code="f">&#x411;&#x43E;&#x431; &#x411;&#x435;&#x439;&#x442;&#x441;</subfield>
    <subfield code="g">[&#x43F;&#x435;&#x440;&#x435;&#x432;&#x43E;&#x434; &#x441; &#x430;&#x43D;&#x433;&#x43B;&#x438;&#x439;&#x441;&#x43A;&#x43E;&#x433;&#x43E; &#x418;. &#x412;&#x438;&#x445;&#x43E;&#x440;&#x435;&#x432;&#x43E;&#x439;]</subfield>
  </datafield>
  <datafield tag="210" ind1=" " ind2=" ">
    <subfield code="a">&#x41C;&#x43E;&#x441;&#x43A;&#x432;&#x430;</subfield>
    <subfield code="c">&#x411;&#x43E;&#x43C;&#x431;&#x43E;&#x440;&#x430;&#x2122;</subfield>
    <subfield code="c">&#x42D;&#x43A;&#x441;&#x43C;&#x43E;</subfield>
    <subfield code="d">2019</subfield>
  </datafield>
  <datafield tag="215" ind1=" " ind2=" ">
    <subfield code="a">317, [1] &#x441;.</subfield>
    <subfield code="c">&#x438;&#x43B;., &#x442;&#x430;&#x431;&#x43B;.</subfield>
    <subfield code="d">22</subfield>
  </datafield>
  <datafield tag="225" ind1="1" ind2=" ">
    <subfield code="a">&#x41B;&#x443;&#x447;&#x448;&#x438;&#x439; &#x43C;&#x438;&#x440;&#x43E;&#x432;&#x43E;&#x439; &#x43E;&#x43F;&#x44B;&#x442;</subfield>
  </datafield>
  <datafield tag="300" ind1=" " ind2=" ">
    <subfield code="a">&#x417;&#x430;&#x433;&#x43B;. &#x438; &#x430;&#x432;&#x442;. &#x43E;&#x440;&#x438;&#x433;.: The little book of big coaching models / Bob Bates</subfield>
  </datafield>
  <datafield tag="320" ind1=" " ind2=" ">
    <subfield code="a">&#x411;&#x438;&#x431;&#x43B;&#x438;&#x43E;&#x433;&#x440;.: &#x441;. 311-316</subfield>
  </datafield>
  <datafield tag="333" ind1=" " ind2=" ">
    <subfield code="a">12+</subfield>
  </datafield>
  <datafield tag="454" ind1=" " ind2="0">
    <subfield code="1">2001#$aThe little book of big coaching models$fBob Bates</subfield>
    <subfield code="1">700#1$aBates$bB.$gBob</subfield>
  </datafield>
  <datafield tag="517" ind1="1" ind2=" ">
    <subfield code="a">&#x421;&#x435;&#x43C;&#x44C;&#x434;&#x435;&#x441;&#x44F;&#x442; &#x448;&#x435;&#x441;&#x442;&#x44C; &#x43C;&#x43E;&#x434;&#x435;&#x43B;&#x435;&#x439; &#x43A;&#x43E;&#x443;&#x447;&#x438;&#x43D;&#x433;&#x430;</subfield>
  </datafield>
  <datafield tag="606" ind1="1" ind2=" ">
    <subfield code="a">&#x411;&#x438;&#x437;&#x43D;&#x435;&#x441;-&#x442;&#x440;&#x435;&#x43D;&#x438;&#x43D;&#x433;&#x438;</subfield>
    <subfield code="j">&#x41F;&#x43E;&#x43F;&#x443;&#x43B;&#x44F;&#x440;&#x43D;&#x44B;&#x435; &#x438;&#x437;&#x434;&#x430;&#x43D;&#x438;&#x44F;</subfield>
    <subfield code="2">nlr_sh1</subfield>
    <subfield code="2">nlr_sh2</subfield>
    <subfield code="3">RU\NLR\AUTH\661255006</subfield>
  </datafield>
  <datafield tag="686" ind1="1" ind2=" ">
    <subfield code="a">&#x421;550.373&#x44F;9</subfield>
  </datafield>
  <datafield tag="686" ind1="1" ind2=" ">
    <subfield code="a">&#x421;550.422.1&#x44F;9</subfield>
  </datafield>
  <datafield tag="700" ind1=" " ind2="1">
    <subfield code="a">&#x411;&#x435;&#x439;&#x442;&#x441;</subfield>
    <subfield code="b">&#x411;.</subfield>
    <subfield code="g">&#x411;&#x43E;&#x431;</subfield>
  </datafield>
  <datafield tag="942" ind1=" " ind2=" ">
    <subfield code="c">BOOK</subfield>
  </datafield>
  <datafield tag="980" ind1=" " ind2=" ">
    <subfield code="a">NBR</subfield>
  </datafield>
  <datafield tag="980" ind1=" " ind2=" ">
    <subfield code="a">NB</subfield>
  </datafield>
</record>
